<?xml version="1.0" encoding="UTF-8"?>
<marc:record xmlns:marc="http://www.loc.gov/MARC21/slim">
   <marc:leader>00000nam a2200000 a 4500</marc:leader>
   <marc:datafield ind1="1" ind2=" " tag="100">
      <marc:subfield code="a">Bolch, Oliver</marc:subfield>
      <marc:subfield code="4">ctb</marc:subfield>
      <marc:subfield code="e">Mitwirkende/-r</marc:subfield>
   </marc:datafield>
   <marc:datafield ind1="1" ind2=" " tag="100">
      <marc:subfield code="a">Hagemann, Volker</marc:subfield>
      <marc:subfield code="4">ctb</marc:subfield>
      <marc:subfield code="e">Mitwirkende/-r</marc:subfield>
   </marc:datafield>
   <marc:datafield ind1=" " ind2=" " tag="653">
      <marc:subfield code="a">Geschichte</marc:subfield>
   </marc:datafield>
   <marc:datafield ind1=" " ind2=" " tag="653">
      <marc:subfield code="a">Softcover</marc:subfield>
   </marc:datafield>
   <marc:datafield ind1=" " ind2=" " tag="653">
      <marc:subfield code="a">Karte</marc:subfield>
   </marc:datafield>
   <marc:datafield ind1=" " ind2=" " tag="653">
      <marc:subfield code="a">Bildband</marc:subfield>
   </marc:datafield>
   <marc:datafield ind1="0" ind2="0" tag="245">
      <marc:subfield code="a">Baltikum</marc:subfield>
   </marc:datafield>
   <marc:datafield ind1="0" ind2="0" tag="245">
      <marc:subfield code="b">Estland, Lettland, Litauen</marc:subfield>
   </marc:datafield>
   <marc:datafield ind1="0" ind2="0" tag="245">
      <marc:subfield code="c">Oliver Bolch ; Volker Hagemann</marc:subfield>
   </marc:datafield>
   <marc:datafield ind1=" " ind2="1" tag="264">
      <marc:subfield code="a">Luzern/Switzerland</marc:subfield>
      <marc:subfield code="b">Reich</marc:subfield>
   </marc:datafield>
   <marc:datafield ind1="1" ind2=" " tag="490">
      <marc:subfield code="a">Terra magica</marc:subfield>
   </marc:datafield>
   <marc:datafield ind1="1" ind2=" " tag="520">
      <marc:subfield code="a">Angaben aus der Verlagsmeldung

Baltikum : Estland, Lettland, Litauen / von Oliver Bolch, Volker Hagmann

Die baltischen Länder sind in unspektakulärem Sinn schön: Sie zeigen sich als drei spröde nordische Grazien. Wie eine Nase ragt Estland, das nördlichste und kleinste Land, mit seinen rund 800 Inseln ins Meer und teilt so die östliche Ostsee auf in Rigaer Bucht und Finnischen Meerbusen. Und es ist stolz auf einen See, der fünfmal so groß ist wie der Bodensee. Lettland mit seinen weiten Ebenen, fruchtbaren Feldern, vielen fischreichen Seen, langen weißen Stränden, Dünen und beeindruckenden Steilküsten liegt in der Mitte. Litauen, jahrhundertelang eine bedeutende Macht in Europa, hat mit der Kurischen Nehrung die geologisch anspruchsvollste Meereslandschaft: auf der einen Seite des oft sehr schmalen Küstenstreifens das richtige Meer, auf der anderen Seite das ruhigere Haff. Und die geschichtsträchtigen Hauptstädte bieten reichlich zu Bestaunendes: in Tallin frühhanseatische Architektur – in Riga Europas prozentual höchste Dichte an Jugendstilbauten – in Vilnius den Barock.
</marc:subfield>
   </marc:datafield>
   <marc:datafield ind1=" " ind2=" " tag="020">
      <marc:subfield code="a">9783724304043</marc:subfield>
      <marc:subfield code="9">9783724304043</marc:subfield>
   </marc:datafield>
   <marc:datafield ind1=" " ind2=" " tag="020">
      <marc:subfield code="a">3724304048</marc:subfield>
      <marc:subfield code="9">3724304048</marc:subfield>
   </marc:datafield>
   <marc:datafield ind1=" " ind2=" " tag="041">
      <marc:subfield code="a">ger</marc:subfield>
   </marc:datafield>
   <marc:datafield ind1=" " ind2=" " tag="300">
      <marc:subfield code="a">180 S.</marc:subfield>
   </marc:datafield>
</marc:record>
